Polish Supercup winners 2024/2000 - Statistics

General Stats
  • This quiz has been taken 13 times
  • The average score is 15 of 20
Answer Stats
Hint Answer % Correct
2016 Lech Poznań
92%
2015 Lech Poznań
92%
2009 Lech Poznań
92%
2004 Lech Poznań
92%
2023 Legia Warszawa
92%
2008 Legia Warszawa
92%
2024 Jagiellonia Białystok
77%
2010 Jagiellonia Białystok
77%
2022 Raków Częstochowa
77%
2021 Raków Częstochowa
77%
2001 Wisła Kraków
77%
2018 Arka Gdynia
69%
2017 Arka Gdynia
69%
2020 Cracovia
69%
2000 Polonia Warszawa
69%
2012 Śląsk Wrocław
69%
2007 Zagłębie Lubin
69%
2019 Lechia Gdańsk
62%
2014 Zawisza Bydgoszcz
62%
2006 Wisła Płock
46%
No matching quizzes found
Score Distribution
Percent of People with Each Score
Percentile by Number Answered
Your Score History
You have not taken this quiz